Countries Closest to Tokyo A-Z - Whammies - Statistics

General Stats
  • This quiz has been taken 43 times
  • The average score is 13 of 24
Answer Stats
Country % Correct
S South Korea
94%
C China
92%
N North Korea
89%
R Russia
75%
T Taiwan
72%
M Mongolia
69%
V Vietnam
69%
Y Yemen
67%
L Laos
64%
O Oman
64%
Q Qatar
64%
P Philippines
58%
Z Zambia
58%
I Indonesia
44%
J Jordan
36%
U Uzbekistan
36%
B Brunei
33%
K Kiribati
31%
A Afghanistan
28%
F Fed. States of Micronesia
28%
H Hungary
28%
D Denmark
19%
E East Timor
17%
G Georgia
14%
No matching quizzes found
Score Distribution
Percent of People with Each Score
Percentile by Number Answered
Your Score History
You have not taken this quiz